logo

Bir Sreshtho Munshi Abdur Rouf Library
Jhenaidah Cadet College

A guide to stress in English / (Record no. 6241)

MARC details
000 -LEADER
fixed length control field 00686nam a2200253 a 4500
001 - CONTROL NUMBER
JCCL Control Number 6241
003 - CONTROL NUMBER IDENTIFIER
JCCL marc code BD-JhCC
005 - DATE AND TIME OF LATEST TRANSACTION
control field 20180123182807.0
008 - FIXED-LENGTH DATA ELEMENTS--GENERAL INFORMATION
fixed length control field 180117s1967 enk 001 0 eng d
020 ## - INTERNATIONAL STANDARD BOOK NUMBER
International Standard Book Number 0340068043
035 ## - SYSTEM CONTROL NUMBER
system control number (BD-JhCC)6241
040 ## - CATALOGING SOURCE
Original cataloging agency BD-JhCC
Transcribing agency LC
Modifying agency BD-JhCC
041 ## - LANGUAGE CODE
Language code of Book eng
050 00 - LIBRARY OF CONGRESS CALL NUMBER
Classification number PE1139
Item number .S5
082 04 - DEWEY DECIMAL CLASSIFICATION NUMBER
Classification number 421/.6
Author mark and Year SHO 1967
100 1# - MAIN ENTRY--PERSONAL NAME
Personal name Short, David,
Titles and other words associated with a name M.A.
245 12 - TITLE STATEMENT
Title A guide to stress in English /
Statement of responsibility, etc David Short,
260 ## - PUBLICATION, DISTRIBUTION, ETC. (IMPRINT)
Place of publication, distribution, etc London :
Name of publisher, distributor, etc University of London P.,
Date of publication, distribution, etc [1967]
300 ## - PHYSICAL DESCRIPTION
Pagination 48 p.
Other physical details tables.
Dimensions 22 cm.
504 ## - BIBLIOGRAPHY, ETC. NOTE
Bibliography, etc Includes Index
650 #0 - SUBJECT ADDED ENTRY--TOPICAL TERM
Topical term or geographic name as entry element English language
General subdivision Accents and accentuation.
942 ## - ADDED ENTRY ELEMENTS (KOHA)
Source of classification or shelving scheme Dewey Decimal Classification
Koha item type Books
Holdings
Source of classification or shelving scheme Damaged status Not for loan Home library Current library Shelving location Total Checkouts Full call number Barcode Date last seen Copy number Koha item type
Dewey Decimal Classification     JCC Rouf Library JCC Rouf Library General Stacks   421/.6 SHO 1967 7383 01/17/2018 C - 1 Books

JCC Library | Contacts | JCC Home

Last Update on 23 September 2017
Copyright @ 2017-2020 JCC Rouf Library
Rouf Library, Jhenidah Cadet College (JCC), Bangladesh